[Event "Madrid-ch"]
[Site "Madrid"]
[Date "2006.03.03"]
[Round "3"]
[White "Gonzalez Somoza, Oliver"]
[Black "Caruana, Fabiano"]
[Result "1-0"]
[WhiteElo "2218"]
[BlackElo "2409"]
[PlyCount "123"]
[EventDate "2006.03.01"]
[EventType "tourn"]
[EventRounds "11"]
[EventCountry "ESP"]
[SourceTitle "CBM 111 Extra"]
[Source "ChessBase"]
[SourceDate "2006.05.09"]
[SourceVersion "1"]
[SourceVersionDate "2006.05.09"]
[SourceQuality "1"]

1. e4 e6 2. d4 d5 3. Nc3 Nc6 4. Nf3 Nf6 5. exd5 exd5 6. Bg5 Bb4 7. Bb5 O-O 8.
O-O Bxc3 9. bxc3 Qd6 10. Bxf6 Qxf6 11. Qd2 a6 12. Bd3 Bg4 13. Ne1 Rfe8 14. f3
Bd7 15. g3 Bh3 16. Ng2 h6 17. Kf2 Bxg2 18. Kxg2 Re7 19. Rfe1 Rae8 20. Rxe7 Qxe7
21. Qf4 Qd7 22. Kf2 Nd8 23. Qf5 Qxf5 24. Bxf5 g6 25. Bd3 Nc6 26. Rb1 Na5 27. h4
Kg7 28. g4 Re6 29. Rb4 Kf6 30. Ra4 Nc6 31. c4 Rd6 32. c5 Rd8 33. Bxa6 Ra8 34.
Bb5 Rxa4 35. Bxa4 Nxd4 36. Ke3 Ne6 37. c6 b6 38. f4 Ke7 39. Bb5 Kd6 40. f5 gxf5
41. gxf5 Ng7 42. Kf4 Nh5+ 43. Kg4 Nf6+ 44. Kf4 Ne4 45. Bd3 Nf6 46. Bb5 Ng8 47.
a4 Nf6 48. c3 Ne4 49. Kg4 Nxc3 50. Bd3 Nxa4 51. Kh5 Nc5 52. Bb1 Ne4 53. Kxh6
Ng3 54. Kg5 Ke5 55. h5 Nxh5 56. Kxh5 b5 57. Kh6 Kf6 58. Kh7 b4 59. Kg8 Ke7 60.
Kg7 d4 61. f6+ Ke6 62. Ba2+ 1-0

[Event "Madrid-ch"]
[Site "Madrid"]
[Date "2006.03.07"]
[Round "4"]
[White "Caruana, Fabiano"]
[Black "Vallejo Diaz, Javier"]
[Result "1-0"]
[WhiteElo "2409"]
[BlackElo "2182"]
[PlyCount "51"]
[EventDate "2006.03.01"]
[EventType "tourn"]
[EventRounds "11"]
[EventCountry "ESP"]
[SourceTitle "CBM 111 Extra"]
[Source "ChessBase"]
[SourceDate "2006.05.09"]
[SourceVersion "1"]
[SourceVersionDate "2006.05.09"]
[SourceQuality "1"]

1. e4 d5 2. exd5 Qxd5 3. Nc3 Qa5 4. g3 c6 5. Bg2 Nf6 6. Nf3 Bg4 7. h3 Bxf3 8.
Qxf3 e6 9. O-O Be7 10. a3 O-O 11. Rb1 Nbd7 12. b4 Qc7 13. Re1 Nd5 14. Ne4 Rfd8
15. d3 N7f6 16. c4 Nb6 17. Bb2 Nxe4 18. Rxe4 Nd7 19. Rbe1 Bf6 20. d4 a5 21. Qb3
axb4 22. axb4 Qb6 23. Rg4 g6 24. c5 Qb5 25. Rf4 Bg7 26. Rxf7 1-0

[Event "Madrid-ch"]
[Site "Madrid"]
[Date "2006.03.08"]
[Round "5"]
[White "Moreno Ruiz, Javier"]
[Black "Caruana, Fabiano"]
[Result "1/2-1/2"]
[WhiteElo "2485"]
[BlackElo "2409"]
[PlyCount "109"]
[EventDate "2006.03.01"]
[EventType "tourn"]
[EventRounds "11"]
[EventCountry "ESP"]
[SourceTitle "CBM 111 Extra"]
[Source "ChessBase"]
[SourceDate "2006.05.09"]
[SourceVersion "1"]
[SourceVersionDate "2006.05.09"]
[SourceQuality "1"]

1. d4 Nf6 2. c4 Nc6 3. Nf3 e6 4. Nc3 Bb4 5. Qc2 d6 6. Bg5 h6 7. Bd2 O-O 8. a3
Bxc3 9. Bxc3 Qe7 10. e3 a5 11. Be2 e5 12. d5 Nb8 13. Nd2 c6 14. dxc6 bxc6 15.
O-O Bg4 16. Bxg4 Nxg4 17. Qf5 Qd7 18. Qxd7 Nxd7 19. Nb3 a4 20. Na5 Nb6 21. Rfd1
Rxa5 22. Bxa5 Nxc4 23. Bb4 c5 24. Rac1 Nxb2 25. Rd2 cxb4 26. Rxb2 bxa3 27. Rb4
Nf6 28. Rxa4 Rd8 29. Rxa3 Rd7 30. Ra8+ Kh7 31. Rac8 Kg6 32. R1c7 Kf5 33. Rxd7
Nxd7 34. Re8 Nc5 35. Kf1 d5 36. Ke2 Ne6 37. Re7 Kf6 38. Rd7 d4 39. exd4 Nxd4+
40. Kd2 Ke6 41. Ra7 Nb5 42. Ra8 Nd6 43. Kd3 Kd5 44. Rg8 g6 45. g4 e4+ 46. Ke2
Ke5 47. Rh8 Kf4 48. h3 f5 49. Rxh6 Kg5 50. Rh7 fxg4 51. h4+ Kf4 52. Rh8 Nf5 53.
Rf8 Ke5 54. Re8+ Kf4 55. Rf8 1/2-1/2

[Event "Madrid-ch"]
[Site "Madrid"]
[Date "2006.03.09"]
[Round "6"]
[White "Alonso Fernandez, Marcos"]
[Black "Caruana, Fabiano"]
[Result "0-1"]
[WhiteElo "2249"]
[BlackElo "2409"]
[PlyCount "124"]
[EventDate "2006.03.01"]
[EventType "tourn"]
[EventRounds "11"]
[EventCountry "ESP"]
[SourceTitle "CBM 111 Extra"]
[Source "ChessBase"]
[SourceDate "2006.05.09"]
[SourceVersion "1"]
[SourceVersionDate "2006.05.09"]
[SourceQuality "1"]

1. d4 Nf6 2. Nf3 e6 3. e3 c5 4. c4 cxd4 5. exd4 Bb4+ 6. Nbd2 b6 7. Bd3 Bb7 8.
O-O O-O 9. a3 Be7 10. b4 a5 11. Rb1 axb4 12. axb4 Nc6 13. c5 Nd5 14. Nc4 Ncxb4
15. Nxb6 Nxd3 16. Nxa8 Ba6 17. Nb6 Nc3 18. Qb3 Nxb1 19. Qxb1 d6 20. Be3 dxc5
21. Rd1 c4 22. Ne5 Nb4 23. Nbxc4 Bb7 24. Nd2 Qd5 25. Nef3 Rc8 26. Rc1 Rc6 27.
Rxc6 Qxc6 28. Nb3 Qb5 29. Nc5 Bxf3 30. gxf3 Qc4 31. Qb3 Qxb3 32. Nxb3 Bd6 33.
Kg2 Kf8 34. f4 Nd5 35. Kf3 Ke7 36. Nd2 Kd7 37. Ne4 h6 38. Ng3 Ne7 39. Ke4 g6
40. Kf3 Kc6 41. h3 Kd5 42. f5 Bxg3 43. fxg6 Bd6 44. gxf7 Nf5 45. Kg4 Nxe3+ 46.
fxe3 Ke4 47. Kh5 Bf8 48. Kg6 Kxe3 49. Kf6 Kxd4 50. Kxe6 Ke4 51. h4 Kf4 52. h5
Kg5 53. Ke5 Kxh5 54. Kf4 Kh4 55. Kf3 Kh3 56. Kf2 Kh2 57. Kf3 h5 58. Kf4 h4 59.
Kf3 h3 60. Kf2 Kh1 61. Kg3 h2 62. Kf2 Be7 0-1

[Event "Madrid-ch"]
[Site "Madrid"]
[Date "2006.03.10"]
[Round "7"]
[White "Caruana, Fabiano"]
[Black "Franco Alonso, Alejandro"]
[Result "0-1"]
[WhiteElo "2409"]
[BlackElo "2421"]
[PlyCount "80"]
[EventDate "2006.03.01"]
[EventType "tourn"]
[EventRounds "11"]
[EventCountry "ESP"]
[SourceTitle "CBM 111 Extra"]
[Source "ChessBase"]
[SourceDate "2006.05.09"]
[SourceVersion "1"]
[SourceVersionDate "2006.05.09"]
[SourceQuality "1"]

1. e4 c5 2. Nf3 e6 3. b3 b6 4. c4 Bb7 5. Nc3 Nf6 6. Bd3 Nc6 7. Bb2 d6 8. O-O
Be7 9. Bc2 Nd4 10. Nxd4 cxd4 11. Ne2 e5 12. Ng3 h5 13. f4 g6 14. Qf3 O-O 15.
Ba3 Kg7 16. fxe5 dxe5 17. Nf5+ gxf5 18. Qxf5 Nh7 19. Qxe5+ Bf6 20. Qg3+ Kh8 21.
Bxf8 d3 22. Bd6 Bd4+ 23. Kh1 dxc2 24. Rac1 Qg5 25. Qxg5 Nxg5 26. d3 Nxe4 27.
dxe4 Bxe4 28. Rce1 f5 29. Bf4 Bc3 30. Rxe4 fxe4 31. Rc1 Rd8 32. h4 Rd1+ 33. Kh2
Rxc1 34. Bxc1 Kh7 35. g4 hxg4 36. Kg3 Bg7 37. Kxg4 Bh6 38. Bb2 c1=Q 39. Bxc1
Bxc1 40. b4 Ba3 0-1

[Event "Madrid-ch"]
[Site "Madrid"]
[Date "2006.03.14"]
[Round "8"]
[White "Elissalt Cardenas, Hector"]
[Black "Caruana, Fabiano"]
[Result "0-1"]
[WhiteElo "2346"]
[BlackElo "2409"]
[PlyCount "76"]
[EventDate "2006.03.01"]
[EventType "tourn"]
[EventRounds "11"]
[EventCountry "ESP"]
[SourceTitle "CBM 111 Extra"]
[Source "ChessBase"]
[SourceDate "2006.05.09"]
[SourceVersion "1"]
[SourceVersionDate "2006.05.09"]
[SourceQuality "1"]

1. Nf3 Nf6 2. g3 b5 3. a4 b4 4. c3 e6 5. Bg2 Bb7 6. a5 Be7 7. O-O O-O 8. Qb3
Na6 9. d4 Rb8 10. c4 c5 11. Bf4 d6 12. Rd1 Qc7 13. Be3 Rfc8 14. Nbd2 Ng4 15.
Rdc1 Nxe3 16. fxe3 Qd8 17. Qd3 Nc7 18. dxc5 dxc5 19. Nb3 Ne8 20. a6 Ba8 21.
Qxd8 Rxd8 22. Ne1 Bg5 23. Kf2 Nf6 24. Bxa8 Rxa8 25. Kf3 e5 26. h3 e4+ 27. Kf2
Nd7 28. Ng2 Bf6 29. Rc2 g5 30. Ra5 Rac8 31. Rb5 Rc6 32. Rd2 Nb6 33. Rc2 Na4 34.
Ra5 Nxb2 35. Nxc5 Nd1+ 36. Kg1 Nc3 37. Nb7 Rd1+ 38. Kh2 Rxc4 0-1

[Event "Madrid-ch"]
[Site "Madrid"]
[Date "2006.03.15"]
[Round "9"]
[White "Caruana, Fabiano"]
[Black "Vazquez Igarza, Renier"]
[Result "1-0"]
[WhiteElo "2409"]
[BlackElo "2513"]
[PlyCount "91"]
[EventDate "2006.03.01"]
[EventType "tourn"]
[EventRounds "11"]
[EventCountry "ESP"]
[SourceTitle "CBM 111 Extra"]
[Source "ChessBase"]
[SourceDate "2006.05.09"]
[SourceVersion "1"]
[SourceVersionDate "2006.05.09"]
[SourceQuality "1"]

1. e4 c5 2. Nf3 Nc6 3. Bb5 e6 4. Bxc6 bxc6 5. b3 d6 6. e5 dxe5 7. Nxe5 Qd5 8.
Nf3 Qe4+ 9. Kf1 Nf6 10. d3 Ba6 11. Qe2 Qd5 12. Nc3 Qd8 13. Ne4 Be7 14. Bb2 Qc7
15. Re1 Rd8 16. Nfg5 Nxe4 17. Nxe4 O-O 18. h4 f6 19. Qe3 Qa5 20. Bc3 Qb6 21. h5
e5 22. Nd2 Bd6 23. h6 g5 24. Ne4 c4 25. bxc4 Qxe3 26. Rxe3 Be7 27. g3 g4 28. f3
gxf3 29. g4 Bc8 30. Rxf3 Bxg4 31. Rg1 f5 32. Bxe5 Kf7 33. Rxg4 Ke6 34. Ng5+
Bxg5 35. Rxg5 Kxe5 36. Rg7 Kd4 37. Rxh7 Kc3 38. Rxa7 Kxc2 39. h7 c5 40. Kf2
Rxd3 41. Rxd3 Kxd3 42. Rg7 Rh8 43. Kf3 Kxc4 44. Kf4 Kb4 45. Kxf5 Ka3 46. Kg6
1-0

[Event "Madrid-ch"]
[Site "Madrid"]
[Date "2006.03.16"]
[Round "10"]
[White "Perez Gonzalez, Jose Manuel"]
[Black "Caruana, Fabiano"]
[Result "1-0"]
[WhiteElo "2262"]
[BlackElo "2409"]
[PlyCount "117"]
[EventDate "2006.03.01"]
[EventType "tourn"]
[EventRounds "11"]
[EventCountry "ESP"]
[SourceTitle "CBM 111 Extra"]
[Source "ChessBase"]
[SourceDate "2006.05.09"]
[SourceVersion "1"]
[SourceVersionDate "2006.05.09"]
[SourceQuality "1"]

1. e4 e6 2. d4 d5 3. e5 c5 4. c3 Nc6 5. Be3 Bd7 6. Nf3 f6 7. exf6 Nxf6 8. Bb5
cxd4 9. cxd4 Qa5+ 10. Nc3 Bb4 11. Qd3 Ne4 12. Bd2 O-O 13. Bxc6 bxc6 14. O-O
Rxf3 15. gxf3 Nxd2 16. Qxd2 Qd8 17. Kh1 Qf6 18. Qe3 c5 19. Rad1 Rf8 20. f4 cxd4
21. Qxd4 Qxd4 22. Rxd4 Bc5 23. Rd2 Rxf4 24. f3 Be3 25. Rc2 Rc4 26. Re2 Bd4 27.
Nd1 Rc1 28. Rfe1 Bf6 29. Nc3 Rxe1+ 30. Rxe1 Kf7 31. Kg2 Kg6 32. Rc1 Kf5 33. Ne2
Be5 34. Rc5 a6 35. b3 Bb5 36. Kf2 Kf6 37. a4 Bd7 38. f4 Bd6 39. Rc1 g5 40. Ke3
gxf4+ 41. Nxf4 Ke7 42. Nd3 e5 43. Nc5 a5 44. Nxd7 Kxd7 45. Kd3 Ke7 46. Rg1 Ke6
47. Rg7 e4+ 48. Ke2 d4 49. Rxh7 d3+ 50. Kd2 Bb4+ 51. Ke3 Bc5+ 52. Kd2 Bb4+ 53.
Ke3 Bc5+ 54. Kd2 Ke5 55. h4 Bb4+ 56. Ke3 Bc5+ 57. Kd2 Bb4+ 58. Ke3 Ba3 59. Rh5+
1-0

[Event "Madrid-ch"]
[Site "Madrid"]
[Date "2006.03.17"]
[Round "11"]
[White "Caruana, Fabiano"]
[Black "Almagro Llamas, Pablo"]
[Result "1/2-1/2"]
[WhiteElo "2409"]
[BlackElo "2340"]
[PlyCount "101"]
[EventDate "2006.03.01"]
[EventType "tourn"]
[EventRounds "11"]
[EventCountry "ESP"]
[SourceTitle "CBM 111 Extra"]
[Source "ChessBase"]
[SourceDate "2006.05.09"]
[SourceVersion "1"]
[SourceVersionDate "2006.05.09"]
[SourceQuality "1"]

1. e4 c6 2. Nc3 d5 3. Nf3 Bg4 4. h3 Bxf3 5. Qxf3 e6 6. d3 Nf6 7. a3 Bd6 8. g3
Nbd7 9. Bg2 d4 10. Nb1 h5 11. Nd2 h4 12. Nc4 Bc7 13. Bf4 Nb6 14. O-O-O Nh5 15.
Kb1 Bxf4 16. gxf4 Nxc4 17. dxc4 Qf6 18. Rhe1 e5 19. fxe5 Qxe5 20. Qf5 f6 21. c3
c5 22. cxd4 cxd4 23. c5 Nf4 24. Bf1 Rd8 25. Bc4 g6 26. Qg4 Ke7 27. Bd5 Rd7 28.
Rc1 g5 29. Qf3 d3 30. Re3 d2 31. Rd1 Qd4 32. Re2 Nxe2 33. Qxe2 Qxc5 34. Rxd2
Qd6 35. Qg4 Qf4 36. Qe2 g4 37. Rd3 gxh3 38. Rxh3 Rc7 39. Ka2 a6 40. e5 fxe5 41.
Re3 h3 42. Re4 Qf6 43. Rxe5+ Kd8 44. Re6 Re7 45. Qd3 Rxe6 46. Bxe6+ Kc7 47.
Qg3+ Kb6 48. Qe3+ Kc7 49. Qg3+ Kb6 50. Qe3+ Kc7 51. Qg3+ 1/2-1/2

[Event "Dos Hermanas op 5th"]
[Site "Dos Hermanas"]
[Date "2006.04.02"]
[Round "4"]
[White "Caruana, Fabiano"]
[Black "Cheparinov, Ivan"]
[Result "1/2-1/2"]
[WhiteElo "2409"]
[BlackElo "2625"]
[PlyCount "93"]
[EventDate "2006.03.30"]
[EventType "swiss"]
[EventRounds "9"]
[EventCountry "ESP"]
[SourceTitle "CBM 111 Extra"]
[Source "ChessBase"]
[SourceDate "2006.05.09"]
[SourceVersion "1"]
[SourceVersionDate "2006.05.09"]
[SourceQuality "1"]

1. e4 e6 2. d4 d5 3. Nc3 Bb4 4. e5 c5 5. a3 Bxc3+ 6. bxc3 Nc6 7. Nf3 Qa5 8. Bd2
Qa4 9. Qb1 c4 10. h4 Bd7 11. h5 h6 12. g3 O-O-O 13. Bh3 Nge7 14. O-O Rdg8 15.
Qd1 Kb8 16. Ra2 Nc8 17. Nh4 Nb6 18. Qf3 Be8 19. Qe2 Bd7 20. Kh2 Qa5 21. g4 Na4
22. f4 Qd8 23. Ng2 g6 24. f5 gxf5 25. gxf5 exf5 26. Bxf5 Bxf5 27. Rxf5 Rg7 28.
Rf6 Qb6 29. e6 fxe6 30. Rxe6 a6 31. Ra1 Qc7+ 32. Kh1 Ka7 33. Rg6 Rxg6 34. hxg6
Qg3 35. Nf4 Nxc3 36. Qg2 Qxg2+ 37. Kxg2 Ne4 38. Be3 Ne7 39. Rh1 Rg8 40. Rxh6
Nf5 41. Rh3 Ng5 42. Rh5 Nxe3+ 43. Kf2 Ng4+ 44. Kg3 Ne6 45. Nxe6 Rxg6 46. Nf4
Rg8 47. Rh1 1/2-1/2

[Event "Badalona op 32nd"]
[Site "Badalona"]
[Date "2006.07.07"]
[Round "6"]
[White "Cuartas, Jaime Alexander"]
[Black "Caruana, Fabiano"]
[Result "1-0"]
[WhiteElo "2466"]
[BlackElo "2444"]
[PlyCount "103"]
[EventDate "2006.07.02"]
[EventType "swiss"]
[EventRounds "9"]
[EventCountry "ESP"]
[SourceTitle "CBM 113 Extra"]
[Source "ChessBase"]
[SourceDate "2006.09.14"]
[SourceVersion "1"]
[SourceVersionDate "2006.09.14"]
[SourceQuality "1"]

1. e4 c5 2. Nf3 e6 3. d4 cxd4 4. Nxd4 a6 5. Bd3 Nf6 6. O-O Qc7 7. Qe2 d6 8. c4
g6 9. b3 Bg7 10. Bb2 O-O 11. Nd2 Nbd7 12. Kh1 b6 13. Rad1 Bb7 14. Rfe1 Rad8 15.
f3 Rfe8 16. Qf2 Ne5 17. Bf1 Qc5 18. a3 d5 19. exd5 exd5 20. b4 Qd6 21. N4b3
Ned7 22. Bd4 Rxe1 23. Rxe1 Nh5 24. c5 Bxd4 25. Qxd4 bxc5 26. Nxc5 Nxc5 27. bxc5
Qc7 28. Rb1 Ng7 29. Qb4 Rd7 30. Nb3 Ne6 31. Na5 Bc8 32. c6 Re7 33. Qb6 Kg7 34.
Qxc7 Rxc7 35. Rd1 d4 36. g3 Kf6 37. f4 h6 38. Bc4 g5 39. Bxe6 Bxe6 40. Rxd4 Re7
41. Kg2 g4 42. Kf2 h5 43. Rd6 Kf5 44. Nb7 Bc4 45. Rd4 Be6 46. Nd6+ Kg6 47. Ra4
Ra7 48. Ra5 f5 49. Nb5 Re7 50. Rxa6 Bc4 51. c7+ Kg7 52. c8=Q 1-0

[Event "Badalona op 32nd"]
[Site "Badalona"]
[Date "2006.07.08"]
[Round "7"]
[White "Caruana, Fabiano"]
[Black "Almeida Quintana, Omar"]
[Result "0-1"]
[WhiteElo "2444"]
[BlackElo "2475"]
[PlyCount "112"]
[EventDate "2006.07.02"]
[EventType "swiss"]
[EventRounds "9"]
[EventCountry "ESP"]
[SourceTitle "CBM 113 Extra"]
[Source "ChessBase"]
[SourceDate "2006.09.14"]
[SourceVersion "1"]
[SourceVersionDate "2006.09.14"]
[SourceQuality "1"]

1. e4 c5 2. Nf3 e6 3. d4 cxd4 4. Nxd4 a6 5. Bd3 Bc5 6. Nb3 Ba7 7. Qe2 Nc6 8.
Be3 d6 9. Bxa7 Rxa7 10. O-O Nge7 11. c4 O-O 12. Nc3 e5 13. Rfd1 Be6 14. Rac1
Qb8 15. Nd5 b6 16. Qe3 a5 17. Nc3 Rc8 18. Nb5 Rd7 19. Be2 Na7 20. a4 Nac6 21.
Nd2 Nb4 22. Nf3 h6 23. b3 f5 24. exf5 Nxf5 25. Qd2 Rf8 26. Nc3 Rdf7 27. Bd3 Ne7
28. Be4 Nc8 29. Qe3 Na6 30. Bd5 Bxd5 31. Nxd5 Nc5 32. Rd2 Na7 33. Rcd1 Nc6 34.
Nc3 Nxb3 35. Rxd6 Nbd4 36. Rg6 Ne7 37. Nxe5 Ndf5 38. Qe4 Nxg6 39. Nxg6 Re8 40.
Qd5 Qd6 41. Qxd6 Nxd6 42. g3 Nxc4 43. Nf4 Ne5 44. Rb1 g5 45. Nfd5 Nd3 46. Rxb6
Re1+ 47. Kg2 Rxf2+ 48. Kh3 Rc2 49. Nf6+ Kf8 50. Nfe4 Ne5 51. Rb8+ Kf7 52. Rb7+
Ke6 53. Rb6+ Kd7 54. Nf6+ Kc8 55. Ncd5 Ree2 56. Ng4 h5 0-1

[Event "Badalona op 32nd"]
[Site "Badalona"]
[Date "2006.07.09"]
[Round "8"]
[White "Caruana, Fabiano"]
[Black "Peralta, Fernando"]
[Result "0-1"]
[WhiteElo "2444"]
[BlackElo "2546"]
[PlyCount "64"]
[EventDate "2006.07.02"]
[EventType "swiss"]
[EventRounds "9"]
[EventCountry "ESP"]
[SourceTitle "CBM 113 Extra"]
[Source "ChessBase"]
[SourceDate "2006.09.14"]
[SourceVersion "1"]
[SourceVersionDate "2006.09.14"]
[SourceQuality "1"]

1. e4 d6 2. d4 g6 3. Nc3 Nf6 4. Bg5 Bg7 5. Qd2 h6 6. Bf4 g5 7. Bg3 Nh5 8. O-O-O
Nd7 9. e5 Nxg3 10. hxg3 dxe5 11. dxe5 Bxe5 12. f4 gxf4 13. gxf4 Bg7 14. Nf3 e6
15. f5 Qf6 16. g4 Nb6 17. g5 hxg5 18. Rxh8+ Bxh8 19. Nxg5 Bd7 20. fxe6 fxe6 21.
Nge4 Qe5 22. Bg2 O-O-O 23. Qf2 Kb8 24. Nc5 Qg5+ 25. Kb1 Bc8 26. Rxd8 Qxd8 27.
Nd3 Bxc3 28. bxc3 Qg5 29. Be4 Na4 30. Qd4 Qa5 31. Nb4 c5 32. Qd6+ Qc7 0-1

[Event "Moratalaz op 19th"]
[Site "Madrid"]
[Date "2006.09.18"]
[Round "1"]
[White "Martinez Martinez, Amable"]
[Black "Caruana, Fabiano"]
[Result "0-1"]
[WhiteElo "1763"]
[BlackElo "2444"]
[PlyCount "50"]
[EventDate "2006.09.18"]
[EventType "swiss"]
[EventRounds "9"]
[EventCountry "ESP"]
[SourceTitle "CBM 114 Extra"]
[Source "ChessBase"]
[SourceDate "2006.11.03"]
[SourceVersion "1"]
[SourceVersionDate "2006.11.03"]
[SourceQuality "1"]

1. e4 c5 2. c4 Nc6 3. Nf3 e6 4. d3 g6 5. Bd2 Bg7 6. Bc3 Nd4 7. Be2 Ne7 8. O-O
Nec6 9. a3 O-O 10. h3 b6 11. Nh2 Bb7 12. f4 d5 13. cxd5 exd5 14. exd5 Ne7 15.
Kh1 Nxd5 16. Nf3 Ne3 17. Qc1 Nxf1 18. Qxf1 Re8 19. Bxd4 Bxd4 20. Nc3 Qf6 21.
Nxd4 cxd4 22. Nb5 Re3 23. Kh2 Rae8 24. Re1 a6 25. Nc7 R8e7 0-1

[Event "Moratalaz op 19th"]
[Site "Madrid"]
[Date "2006.09.19"]
[Round "2"]
[White "Caruana, Fabiano"]
[Black "Alvarez Escudero, Manuel"]
[Result "1-0"]
[WhiteElo "2444"]
[BlackElo "1988"]
[PlyCount "57"]
[EventDate "2006.09.18"]
[EventType "swiss"]
[EventRounds "9"]
[EventCountry "ESP"]
[SourceTitle "CBM 114 Extra"]
[Source "ChessBase"]
[SourceDate "2006.11.03"]
[SourceVersion "1"]
[SourceVersionDate "2006.11.03"]
[SourceQuality "1"]

1. e4 e5 2. Nf3 Nc6 3. Bb5 d6 4. d4 Bd7 5. Nc3 exd4 6. Nxd4 Ne5 7. Be2 Nf6 8.
f4 Nc6 9. Be3 Nxd4 10. Qxd4 Be7 11. O-O-O Bg4 12. Bxg4 Nxg4 13. Qxg7 Nxe3 14.
Qxh8+ Bf8 15. Rd3 Nxg2 16. Nd5 c6 17. Nf6+ Ke7 18. e5 d5 19. Qxh7 Nxf4 20. Rf3
Qb6 21. Qf5 Bh6 22. Qd7+ Kf8 23. Qd6+ Kg7 24. Kb1 Rd8 25. Qe7 Rf8 26. Rxf4 Bxf4
27. Nh5+ Kg8 28. Qf6 Bxe5 29. Qxe5 1-0

[Event "Moratalaz op 19th"]
[Site "Madrid"]
[Date "2006.09.20"]
[Round "3"]
[White "Coleto Calderon, Jose Antonio"]
[Black "Caruana, Fabiano"]
[Result "0-1"]
[WhiteElo "2128"]
[BlackElo "2444"]
[PlyCount "116"]
[EventDate "2006.09.18"]
[EventType "swiss"]
[EventRounds "9"]
[EventCountry "ESP"]
[SourceTitle "CBM 114 Extra"]
[Source "ChessBase"]
[SourceDate "2006.11.03"]
[SourceVersion "1"]
[SourceVersionDate "2006.11.03"]
[SourceQuality "1"]

1. e4 c5 2. Nc3 e6 3. Nf3 a6 4. g3 b5 5. Bg2 Bb7 6. d3 d6 7. Qe2 Nd7 8. O-O
Ngf6 9. Nh4 Be7 10. f4 b4 11. Nd1 O-O 12. Nf3 Nb6 13. Nf2 Qc7 14. g4 Rae8 15.
g5 Nfd7 16. Kh1 Kh8 17. a4 f6 18. g6 h6 19. f5 exf5 20. Nh4 f4 21. Nf5 Bd8 22.
Bxf4 Re5 23. Qh5 Rxf5 24. exf5 Bxg2+ 25. Kxg2 Ne5 26. Rae1 Nd5 27. Bd2 Kg8 28.
Re4 Qb7 29. Kg1 Bb6 30. Rfe1 Re8 31. Kf1 Ne7 32. c3 bxc3 33. bxc3 N7c6 34. a5
Bxa5 35. Ng4 Qb5 36. c4 Qb3 37. Nxe5 dxe5 38. Bxa5 Qxd3+ 39. Kg2 Nxa5 40. Qf3
Qxf3+ 41. Kxf3 Nb3 42. R4e3 Nd4+ 43. Ke4 Nc2 44. Rb1 Nxe3 45. Kxe3 Ra8 46. Rb7
a5 47. Rb3 a4 48. Ra3 Kf8 49. Ke4 Ke7 50. Kd5 Kd7 51. Kxc5 Kc7 52. Kd5 Ra6 53.
Kc5 Ra7 54. Kd5 Ra5+ 55. c5 Ra8 56. Kc4 Kc6 57. Kb4 Rb8+ 58. Kc4 Rd8 0-1

[Event "Patrimonio op 1st"]
[Site "Alcala de Henares"]
[Date "2006.10.07"]
[Round "1"]
[White "Caruana, Fabiano"]
[Black "Camarero Izquierdo, Juan Carlos"]
[Result "1-0"]
[WhiteElo "2474"]
[BlackElo "1982"]
[PlyCount "67"]
[EventDate "2006.10.07"]
[EventType "swiss"]
[EventRounds "9"]
[EventCountry "ESP"]
[SourceTitle "CBM 114 Extra"]
[Source "ChessBase"]
[SourceDate "2006.11.03"]
[SourceVersion "1"]
[SourceVersionDate "2006.11.03"]
[SourceQuality "1"]

1. e4 c5 2. Nf3 d6 3. d4 cxd4 4. Nxd4 Nf6 5. Nc3 a6 6. Bg5 e6 7. f4 Nbd7 8. Qf3
Qc7 9. O-O-O b5 10. Bd3 Bb7 11. Rhe1 Be7 12. Qg3 Nc5 13. e5 dxe5 14. fxe5 Nh5
15. Qh4 Bxg5+ 16. Qxg5 g6 17. g4 h6 18. Qe3 Ng7 19. Bxb5+ Kf8 20. Bc4 Kg8 21.
Nb3 Nxb3+ 22. axb3 Kh7 23. h4 Rhc8 24. h5 gxh5 25. Bd3+ Kg8 26. Qxh6 Bf3 27.
Qh7+ Kf8 28. Qh8+ Ke7 29. Qxg7 Bxd1 30. Bg6 Rf8 31. Rxd1 hxg4 32. Qf6+ Ke8 33.
Qxe6+ Qe7 34. Qc6+ 1-0

[Event "Patrimonio op 1st"]
[Site "Alcala de Henares"]
[Date "2006.10.08"]
[Round "2"]
[White "Gago Padreny, Ignacio"]
[Black "Caruana, Fabiano"]
[Result "0-1"]
[WhiteElo "2104"]
[BlackElo "2474"]
[PlyCount "106"]
[EventDate "2006.10.07"]
[EventType "swiss"]
[EventRounds "9"]
[EventCountry "ESP"]
[SourceTitle "CBM 114 Extra"]
[Source "ChessBase"]
[SourceDate "2006.11.03"]
[SourceVersion "1"]
[SourceVersionDate "2006.11.03"]
[SourceQuality "1"]

1. d4 e6 2. Nf3 Nf6 3. g3 b5 4. Bg2 Bb7 5. O-O Be7 6. c3 O-O 7. Bg5 c5 8. dxc5
Bxc5 9. Qd3 a6 10. Nbd2 d5 11. a4 b4 12. Nb3 Bd6 13. cxb4 Bxb4 14. Rfc1 Nbd7
15. Bd2 Bxd2 16. Nfxd2 a5 17. Qc3 Qb6 18. Qc2 Qb4 19. Qc3 Qb6 20. Qc7 Rfc8 21.
Qxb6 Nxb6 22. Rc5 Rxc5 23. Nxc5 Bc6 24. e3 Nfd7 25. Ndb3 Nc4 26. Nxd7 Bxd7 27.
Nc5 Be8 28. b3 Nd6 29. Rc1 Rb8 30. Bf1 Kf8 31. Bd3 Ke7 32. Kf1 e5 33. Ke1 Bd7
34. Kd2 Bc8 35. Kc2 h6 36. Kb2 Rb6 37. Ka3 e4 38. Be2 Kf6 39. Bb5 Ke7 40. Be2
g5 41. g4 f5 42. gxf5 Bxf5 43. Na6 Be6 44. Nc7 Bf7 45. Rc5 d4 46. Bd1 d3 47. f3
exf3 48. Bxf3 Rxb3+ 49. Ka2 Rb4+ 50. Nd5+ Bxd5+ 51. Rxd5 Rxa4+ 52. Kb3 Rh4 53.
Rxd3 Rxh2 0-1

[Event "ITA-ch 66th"]
[Site "Cremona"]
[Date "2006.11.26"]
[Round "5"]
[White "Manca, Federico"]
[Black "Caruana, Fabiano"]
[Result "1/2-1/2"]
[WhiteElo "2425"]
[BlackElo "2474"]
[PlyCount "45"]
[EventDate "2006.11.21"]
[EventType "tourn"]
[EventRounds "11"]
[EventCountry "ITA"]
[EventCategory "7"]
[SourceTitle "CBM 115 Extra"]
[Source "ChessBase"]
[SourceDate "2007.01.10"]
[SourceVersion "1"]
[SourceVersionDate "2007.01.10"]
[SourceQuality "1"]

1. e4 e6 2. d4 d5 3. exd5 exd5 4. c4 Bb4+ 5. Nc3 Nf6 6. Bd3 O-O 7. Nge2 Bg4 8.
O-O c5 9. Nxd5 Nxd5 10. cxd5 Qxd5 11. Nf4 Qd7 12. Qc2 cxd4 13. Bxh7+ Kh8 14. h3
Be6 15. Be4 Nc6 16. Qe2 g6 17. Bxc6 bxc6 18. Qe5+ Kh7 19. Nh5 gxh5 20. Qxh5+
Kg8 21. Qg5+ Kh7 22. Qh5+ Kg8 23. Qg5+ 1/2-1/2

[Event "Washington Eastern op 33rd"]
[Site "Washington DC"]
[Date "2006.12.28"]
[Round "4"]
[White "Caruana, Fabiano"]
[Black "Ivanov, Alexander"]
[Result "1-0"]
[WhiteElo "2474"]
[BlackElo "2587"]
[PlyCount "70"]
[EventDate "2006.12.27"]
[EventType "swiss"]
[EventRounds "8"]
[EventCountry "USA"]
[SourceTitle "CBM 115 Extra"]
[Source "ChessBase"]
[SourceDate "2007.01.10"]
[SourceVersion "1"]
[SourceVersionDate "2007.01.10"]
[SourceQuality "1"]

1. e4 b6 2. d4 Bb7 3. Bd3 Nf6 4. Nd2 e6 5. Ngf3 d5 6. e5 Nfd7 7. O-O c5 8. c3
Ba6 9. Bxa6 Nxa6 10. Ne1 Be7 11. f4 O-O 12. Ndf3 b5 13. Nc2 b4 14. Qe2 Qb6 15.
Be3 bxc3 16. bxc3 Rab8 17. g4 Nc7 18. f5 Qb2 19. f6 gxf6 20. Bh6 Qxc3 21. exf6
Bxf6 22. Ne5 Bxe5 23. dxe5 Qxe5 24. Qd2 Qe4 25. Rae1 Qg6 26. Rf2 Rfe8 27. h4 f6
28. h5 Qf7 29. g5 f5 30. g6 hxg6 31. Rg2 Nf8 32. Bf4 Re7 33. Be5 Qh7 34. hxg6
Nxg6 35. Qg5 Kf7 1-0